000 00687nam a22001697a 4500
020 _qHard Cover
082 _a200
100 _aWaseem, Ayesha
245 _aMeasurement System Analysis: Gage Repeatability & Reproducibility evaluation of a Quality Control Laboratory involved in discrete custom-made products’ inspection /
_cAyesha Waseem.
260 _aIslamabad:
_bPNEC NUST,
_c2011.
300 _a117 p. :
_bill. ;
_c30cm.
650 _aMS-Manufacturing Engineering and Management.
_9127282
700 _6Supervisor:Dr. Sajid Saleem
856 _u http://10.250.8.41:8080/xmlui/handle/123456789/21240
942 _2ddc
_cSC
999 _c535223
_d535223